00318nam a2200121Ia 4500008004100000020001800041041000800059082002600067100003100093245003000124260003300154300000900187230411s9999 xx 000 0 und d a81-225-0354-3 aeng aSO/301/BHU/SAC/B02003 aBhushan Vidya & Sachdeva D aIntroduction to Sociology bKitab MahalaAllahabadc2006 a972p